Long Words Quiz - Statistics

General Stats
  • This quiz has been taken 38 times
  • The average score is 2 of 5
Answer Stats
Hint Answer % Correct
Longest word Pneumonoultramicroscopicsilicovolcanoconiosis
75%
Means 'useless' Floccinaucinihilipilification
38%
Type of triggerfish Humuhumunukunukuāpua'a
25%
The process of adding something Augmentation
13%
The fear of long words Hippomonstrosesquipdaliophobia
0%
No matching quizzes found
Score Distribution
Percent of People with Each Score
Percentile by Number Answered
Your Score History
You have not taken this quiz